00631nam a2200181Ii 45000010005000000030009000050080041000140400033000550410008000880820021000961100053001172450094001702640092002643000012003563360026003683370028003943380027004222088CO-ViMGA241108s9999||||xx |||||||||||||| ||und|| aCO-ViMGAbspaerdacCO-ViMGA0 aspa04a398.88615 M87rlp1 aMuseo de Artes y Tradiciones Populares. Bogotá10aRondas, cantos y juegos tradicionales de los niños del Litoral Pacífico [videocasete] 1a[Lugar de publicación no identificado] : Museo de Artes y Tradiciones Populares, 1990 avolumen atextbtxt2rdacontent aunmediatedbn2rdamedia avolumebnc2rdacarrier